Представление документа в формате RUSMARC

ПолеНазваниеЗначение
  Тип записи a
  Библиографический уровень m
001 Контрольный номер RU/SLIB/B/208737153
005 Дата корректировки 20240110094121.6
010 Индекс ISBN __
d Цена 0-55
101 Язык документа 0_
a Язык текста rus
200 Заглавие и сведения об ответственности 0_
a Заглавие Моя страна Сибирь
f Первые сведения об ответственности Граубин Г. Р.
b Общее обозначение материала Текст
210 Выходные данные 1_
a Место издания М.
c Издательство Молодая гвардия
d Дата издания 1983
215 Физическое описание __
a Объем 152 с.
c Иллюстрации/тип воспроизводства ил.
606 Тематические рубрики __
a Основная рубрика География
y Географическая подрубрика СССР; Россия; Сибирь
606 Тематические рубрики __
a Основная рубрика Страноведение
610 Ключевые слова 0_
a Ключевые слова природа; природные ресурсы; тайга; растительный мир; животный мир; животные; растения; охрана природы; охрана природных ресурсов; природные богатства; освоение Сибири; леса; следопытство; следопыты; занимательная география; познавательная литература; краеведение
686 Индексы других классификаций __
a Классификационный индекс 26.89(253); ст26.89(253)
700 Автор _1
a Фамилия Граубин
b Имя Г. Р.
4 Код отношения 070
801 Источник записи _0
a Страна RU
b Организация Муниципальное бюджетное учреждение культуры "Централизованная библиотечная система" г. Сургут (Центральная городская библиотека им. А. С. Пушкина)
g Правила каталогизации КиК/Уланова
801 Источник записи _1
a Страна RU
b Организация Муниципальное бюджетное учреждение культуры "Централизованная библиотечная система" г. Сургут (Центральная городская библиотека им. А. С. Пушкина)
g Правила каталогизации КиК/Уланова
852 Данные о местонахождении __
j Шифр хранения 26.89(253)
c Каталожный индекс 26.89(253)
i Авторский знак Г 77
p Инвентарный номер 15593
901 Тип документа __
t Тип документа m
990 Данные о заказе (DOS) __
j Количество экземпляров (DOS) 3
t N записи в КСУ для И/У (DOS) 199101